000 00747nas a22002177a 4500
005 20140604125439.0
006 a|||||r|||| 00| 0
007 ta
008 140604b xxu||||| |||| 00| 0 eng d
022 _a0975-6248
245 _aLiterary insight
_b a refereed international journal
_cedited by Sudhir Nikam and Madavi Nikam
260 _aThane
_bDr. Sudhir Venkatesh Nikam, Literary insight
_c2010-
300 _av.
_c24 cm (Pbk)
310 _ayearly
362 _avol.5 (Jan 2014)
700 _aNikam, Sudhir, ed
700 _aNikam, Madhavi, ed
856 _uwww.litsight.com
270 _aA-2, 503, Puyodaya Park Near Don Bosco School, Adharwadi, Kalyan (West)
_bThane
_e421301
_k919322530571
_mlitsight@gmail.com
942 _2ddc
_cSR
_s1
999 _c84815
_d84815